Visualizzazione normale
Vista MARC
- Vigorelli Pietro
di Personal Name
Records bibliografici associati: 5
001 - CONTROL NUMBER
- control field: 56111
003 - CONTROL NUMBER IDENTIFIER
- control field: IT-RoPau
005 - DATE AND TIME OF LATEST TRANSACTION
- control field: 20161222115306.0
008 - FIXED-LENGTH DATA ELEMENTS
- fixed length control field: 161222|| aca||aabn | a|a d
040 ## - CATALOGING SOURCE
- Original cataloging agency: IT-RoPau
- Transcribing agency: IT-RoPau
100 ## - HEADING--PERSONAL NAME
- Personal name: Vigorelli Pietro
670 ## - SOURCE DATA FOUND
- Source citation: Work cat.: (IT-RoPau)247231: Vigorelli Pietro, Reinserimento familiare dopo un ictus, 2000